000 01028nam a2200277 a 4500
001 000020048
005 20200929170237.0
008 100716s1946 ag 001 e spa d
040 _aDO-SdBNP
_bspa
_cBNPHU
082 _a824.9
_bS874m, 1946
100 1 _aStokowski, Leopoldo,
_d1882-1977
_942619
245 1 0 _aMúsica para todos nosotros /
_cLeopoldo Stokowski ; traducción de Francisco Serrano Méndez y Cynthia Boissevain.
250 _a2a ed.
260 _aBuenos Aires, Argentina :
_bEspasa-Calpe Argentina,
_c1946.
300 _a263 p. ;
_c18 cm.
490 1 _aAustral. Verde : ensayos y filosofía ;
_v591
500 _aIncluye referencias bibliográficas ynotas al pie de las páginas.
500 _aIncluye índice de autores.
650 4 _aEnsayos ingleses
_942620
650 4 _aLiteratura inglesa
_9498
700 1 _aSerrano Méndez, Francisco,
_etr.
_942621
700 1 _aBoissevain, Cynthia,
_etr.
_942622
830 0 _aAustral.
_pVerde : ensayos y filosofía ;
_v591
_98733
910 _aWM
049 _aBNGR
999 _c19556
_d19556